000 00571nam a2200229Ia 4500
005 20250425161328.0
008 250425s9999 xx 000 0 und d
020 _a0408702567
041 _aeng
082 _a546
100 _aLAPPERT, M. F.
245 0 _aMAIN GROUP ELEMENTS HYDROGEN AND GROUPS I - IV
250 _a1TH ED.
260 _aLONDON
260 _aReino Unido
_bBUTTERWORTH
_c1972
300 _a355
500 _aINORGANIC CHEMISTRY/SERIE ONE
650 _aELEMENTOS QUIMICOS
650 _aQUIMICA INORGANICA
942 _c01
010 _a17866
999 _c207036
_d207036